000 00848cam a22003011 4500
001 2186
003 BD-RjUL
005 20211208233512.0
008 131210s1953 nyu 000 0 eng
035 _a(BD-RjUL)2213
035 _a(OCoLC)283300
040 _aDLC
_cOYU
_dOCoLC
_dDLC
_d(BD-RjUL)
_beng
041 _aeng
082 _a330.82
_bGOA
100 1 _aWard, Alfred Dudley
_d1914-
_97142
245 1 0 _aGoals of economic life /
_cAlfred Dudley Ward
250 _a1st ed.]
260 _aNew York,
_bHarper
_c[1953]
300 _a470 p. ;
_c21 cm.
490 0 _a[The Ethics and economics of society]
650 0 _aEconomics.
_97143
650 0 _aSocial ethics.
_95055
650 0 _aChurch and social problems.
_97144
651 0 _aUnited States
_xEconomic policy.
_97145
942 _2ddc
_cBK
999 _c2186
_d2186